000 00877nam a2200229Ii 4500
003 JO-AjNU
008 230605s9999||||xx |||||||||||||| ||und||
017 _a2010/9/3698
020 _a978-9957-414-90-0
040 _aJO-AjNU
_bara
_erda
_cJO-AjNU
041 _aara
050 1 4 _aKMK2695.P35.F573.2010
100 3 _a فيشباخ، مايكل؛ ترجمة عصفور ، الفرد,
_eauthor
_947632
245 0 0 _aعملية السلام ومطالبات اللاجئين الفلسطينيين دراسة في مطالبات تعويض الملكية وإعادة الممتلكات
250 _aط1
264 3 1 _aعمان : دار البركة ، 2010
300 _a222ص
336 _atext
_btxt
_2rdacontent
337 _aunmediated
_bn
_2rdamedia
338 _avolume
_bnc
_2rdacarrier
650 4 _aالسلام -- اللاجئون الفلسطينيون
_947633
999 _aA20806
_c24374
_d24374